000 02355nam a2200493 i 4500
001 193097
003 SpMaBN
005 20250829123218.0
007 ta
008 202307r20211818sp a | |||| 000 p spa
017 _aM 22986-2021
_bOficina Depósito Legal Madrid
020 _a9788412254822
035 _aa7002762
040 _aSpMaBN
_bspa
_cSpMaBN
_erda
_dES-MaACL
080 _a821.133.1-15"17"
080 _a641.5(0:82)
100 1 _aBerchoux, Joseph
_d1760-1839
_eaut
_9233943
245 1 3 _aLa gastronomía o El arte de comer :
_bpoema didáctico en quatro cantos /
_ctraducido en verso por don Manuel Pedro Sánchez Salvador y Berrio de la obra de Joseph Berchoux, Gastronomie, ou l'Homme des champs à table ; el traductor añade sus Cuentos para la siesta ; estudio biobibliográfico de Felicidad Patier Torres
246 3 0 _aEl arte de comer
250 _aEdición facsímil (Londres, 1818)
264 1 _aMadrid :
_bMacnulti Editores,
_c2021
264 4 _c©2021
300 _a64, XII, 139 páginas :
_bilustraciones (blanco y negro y color) ;
_c21 cm
336 _aTexto
_2rdacontent
337 _asin mediación
_2rdamedia
338 _avolumen
_2rdacarrier
500 _aIncluye (páginas 85-105): Cuentos para la siesta
500 _aCatalogación provisional. Signatura: N 8571. Depósito J.
504 _aIncluye referencias bibliográficas
650 0 _aGastronomía-
_vPoesías
_9233944
655 0 _aPoesías didácticas
_9233945
655 7 _aFacsímiles
_2tgfbne
_9226495
700 1 2 _aSánchez Salvador, Manuel Pedro,
_d1764-1813.
_tCuentos para la siesta
_etrl
_9233946
700 1 _aSánchez Salvador, Manuel Pedro,
_d1764-1813
_etrl
_9233947
700 0 _aPatier Torres, Felicidad
_989570
_epbl
787 0 8 _iReproducción de (manifestación)
_tLa gastronomía o El arte de comer
_dLondres
_bimpreso por Henrique Bryer, Bridge-Street, Blackfriars
_c1818
_wMima0000121253
852 _aES-MaACL
_9200405
_bR.153310
_jN-8571
_cDEPOJ
_zEn proceso
_gDedicatoria autógrafa de la autora
_hDonación: Felicidad Partier Torres
903 _9234206
_aPartier Torres, Felicidad
_ednr
942 _n0
_cMONOGRAFIA
999 _c193097
_d193097